| 000 | 00509nam a22001937a 4500 | ||
|---|---|---|---|
| 005 | 20260415195533.0 | ||
| 008 | 260415b |||||||| |||| 00| 0 eng d | ||
| 020 | _a9789349015678 | ||
| 040 | _aMAIN | ||
| 041 | _aENG | ||
| 082 |
_a345.54 _bVIB/PSA |
||
| 100 | _aPilIiai, P. S. A. | ||
| 245 |
_aCriminal Law : _bin accordance with the bharatiya nyaya sanhita, 2023 |
||
| 250 | _a16th ed. | ||
| 260 |
_aHaryana : _bLexisNexis, _c2025. |
||
| 300 | _a850 p. | ||
| 650 | _aCriminal law.--India | ||
| 942 | _cBK | ||
| 999 |
_c18703 _d18703 |
||